000 01164pam a2200289 a 4500
999 _c1792
_d1792
001 4770584
003 GZU
005 20201021162729.0
008 860919s1987 nyua b 001 0 eng
010 _a 86023672
020 _a0195205456 :
_c$17.95
040 _aDLC
_cDLC
_dDLC
043 _as-ec---
_as-bo---
_ad------
050 0 0 _aHC185.E44
_bSAL 1987
100 1 _aSalmen, Lawrence F.,
_d1942-
_eauthor
245 1 0 _aListen to the people :
_bparticipant-observer evaluation of development projects /
_cLawrence F. Salmen.
260 _aNew York :
_bPublished for the World Bank by Oxford University Press,
_cc1987.
300 _ax, 149 p. :
_bill. ;
_c23 cm.
500 _aIncludes index.
504 _aBibliography: p. 140-144.
650 0 _aEconomic development projects
_zBolivia
_zLa Paz
_xEvaluation.
650 0 _aEconomic development projects
_zEcuador
_zGuayaquil
_xEvaluation.
650 0 _aEconomic development projects
_zDeveloping countries
_xEvaluation.
856 4 2 _3Publisher description
_uhttp://www.loc.gov/catdir/enhancements/fy0638/86023672-d.html
906 _a7
_bcbc
_corignew
_d1
_eocip
_f19
_gy-gencatlg
942 _2lcc
_cBK
_h185.E44
_iSAL
_kHC